LEADER 00902nam0-2200337---450- 001 990008575490403321 005 20071031132719.0 010 $a978-0-387-49509-5 035 $a000857549 035 $aFED01000857549 035 $a(Aleph)000857549FED01 035 $a000857549 100 $a20071031d2007----km-y0itay50------ba 101 0 $aeng 102 $aUS 105 $aa-------001yy 200 1 $a<>invitation to Mourse theory$fLiviu I. Nicolaescu 210 $aNew York$cSpringer$dc2007 215 $axiv, 241, p.$d24 cm 225 1 $aUniversitext 610 0 $aTopologia differenziale 676 $a514.74$v22 700 1$aNicolaescu,$bLiviu I.$067532 801 0$aIT$bUNINA$gRICA$2UNIMARC 901 $aBK 912 $a990008575490403321 952 $aC-6-(182$b22058$fMA1 959 $aMA1 962 $a57R70 996 $aInvitation to Mourse theory$9711061 997 $aUNINA LEADER 01132nam--2200385---450- 001 990002737500203316 005 20060419112357.0 010 $a0471041041 035 $a000273750 035 $aUSA01000273750 035 $a(ALEPH)000273750USA01 035 $a000273750 100 $a20060419d1979----km-y0itay0103----ba 101 $aeng 102 $aUS 105 $aa|||||||001yy 200 1 $aConstruction bidding for profit$fWilliam R. Park 210 $aNew York$cWiley$d1979 215 $axviii, 293p.$cill.$d24 cm 225 2 $aWiley series of practical construction guides 410 0$12001$aWiley series of practical construction guides 454 1$12001 461 1$1001-------$12001 606 0 $aImprese internazionali$xgestione finanziaria 676 $a658.1599 700 1$aPARK,$bWilliam R.$012025 801 0$aIT$bsalbc$gISBD 912 $a990002737500203316 951 $aP09 30$bDISTRA 959 $aBK 969 $aDISTRA 979 $aDISTRA2$b10$c20060419$lUSA01$h1122 979 $aDISTRA2$b10$c20060419$lUSA01$h1123 996 $aConstruction bidding for profit$9998935 997 $aUNISA